• 首页
  • 本馆介绍
  • 公告通知
  • 最新文献
  • 馆藏检索
  • 电子资源
  • 读者导购
  • 参考咨询
  • 我的图书馆
  • 登录
  • 详细信息显示
  • 放入我的书架
  • 预约/预借图书
  • 作者相关作品
  • 分类相关作品
  • 丛书相关作品
  • 出版社相关作品

书目信息

  • 表格格式
  • 工作单格式
  • 卡片格式
题名:
遥控模型飞机入门新编
    
 
作者: 吕涛 编著
分册:  
出版信息: 北京   航空工业出版社  2016
页数: 123页
开本: 26cm
丛书名: 遥控模型飞机系列
单 册:
中图分类: G875.3
科图分类:
主题词: 遥控飞行--yao kong fei xing--模型飞机(航空模型运动)
电子资源:
ISBN: 978-7-5165-0965-4
000 01000nam 2200265 450
001 012001002038
005 20141203103553.0
010    @a978-7-5165-0965-4@dCNY46.00
099    @aCAL 012016066554
100    @a20220905d2016 em y0chiy0121 ea
101 0  @achi
102    @aCN@b110000
105    @aa z 000yy
106    @ar
200 1  @a遥控模型飞机入门新编@Ayao kong mo xing fei ji ru men xin bian@f吕涛编著
210    @a北京@c航空工业出版社@d2016
215    @a123页@c彩图@d26cm
225 2  @a遥控模型飞机系列@Ayao kong mo xing fei ji xi lie
330    @a本书详细介绍了遥控模型飞机的基本结构、选购、组装、操纵、保养与维修等内容, 语言通俗易懂, 同时配有大量图片, 帮助读者清楚地了解遥控模型飞机。本书是一本图文并茂、简洁明了、快速实用的遥控模型飞机入门教材。
410  0 @12001 @a遥控模型飞机系列
606 0  @a遥控飞行@Ayao kong fei xing@x模型飞机(航空模型运动)
690    @aG875.3@v5
701  0 @a吕涛@Alv tao@4编著
801  0 @aCN@bAHXH@c20221111
905    @b1376448-52@dG875.3@e249@f5
    
    遥控模型飞机入门新编/吕涛编著.-北京:航空工业出版社,2016
    123页:彩图;26cm.-(遥控模型飞机系列)
    
    
    ISBN 978-7-5165-0965-4:CNY46.00
    本书详细介绍了遥控模型飞机的基本结构、选购、组装、操纵、保养与维修等内容, 语言通俗易懂, 同时配有大量图片, 帮助读者清楚地了解遥控模型飞机。本书是一本图文并茂、简洁明了、快速实用的遥控模型飞机入门教材。
●
相关链接 在E读中查询图书 在五车中查询图书 在当当中查询图书 在豆瓣中查询图书


正题名:遥控模型飞机入门新编     索取号:G875.3/249         预约/预借

序号 登录号 条形码 馆藏地/架位号 状态 备注
1 1376448   213764489   第一样本阅览室/ [索取号:G875.3/249] 在馆    
2 1376449   213764498   教育系资料室/ [索取号:G875.3/249] 在馆    
3 1376450   213764504   教育系资料室/ [索取号:G875.3/249] 已借出,限还日期为2025.04.02
借出人:李宏勇  
 
4 1376451   213764513   第四借阅区/ [索取号:G875.3/249] 在馆    
5 1376452   213764522   第四借阅区/ [索取号:G875.3/249] 在馆    
唐山师范学院图书馆 欢迎您!
大连网信软件有限公司© 版权所有